|
|
|
|
| LEADER |
00000cab a2200000 a 4500 |
| 001 |
032752 |
| 003 |
UAHC_CL |
| 005 |
20170803123535.0 |
| 008 |
060530b xx j 000 1 spa |
| 040 |
|
|
|a UAHC_CL
|c UAHC_CL
|d UAHC_CL
|
| 100 |
1 |
|
|a Schwartz, Gladys
|
| 245 |
1 |
0 |
|a Crisis en el saber didáctico :
|b motivos y posibilidades de superación /
|c Gladys Schwartz.
|
| 260 |
|
|
|b Departamento de Ciencias de la Educación, Facultad de Ciencias Humanas, Universidad Nacional de Río Cuarto
|a Río Cuarto, Argentina
|c 1999
|
| 300 |
|
|
|a p. 207-220
|
| 310 |
|
|
|a Semestral
|b 1998
|
| 500 |
|
|
|a En: Contextos de la educación, n˚ 1, 1999. p.207-220. ISSN 15142655.
|
| 500 |
|
|
|a En: Contextos de la educación, n° 1, 1999. p.207-220. ISSN 15142655.
|
| 500 |
|
|
|a En: Contextos de la educaciÛn, nç 1, 1999. p.207-220. ISSN 15142655.
|
| 856 |
|
|
|u http://www.unrc.edu.ar/publicar/cde/art10.htm
|3 Acceso electrónico al documento
|y Acceso electrónico al documento
|
| 856 |
|
|
|u http://www.unrc.edu.ar/publicar/cde/art10.htm
|3 Acceso electrónico al documento
|y Acceso electrónico al documento
|
| 900 |
|
|
|a ESTUDIOS-29
|
| 942 |
|
|
|c REVA
|
| 952 |
|
|
|0 0
|1 0
|4 0
|6 ESTUDIOS_29
|7 0
|8 General
|9 63172
|a BC
|b BC
|c General
|d 2017-08-03
|l 0
|o ESTUDIOS-29
|p FICTICIO3496
|r 2019-01-08 00:00:00
|t 1
|w 2017-08-03
|y REVA
|
| 999 |
|
|
|c 32752
|d 32752
|